000 00498nam a2200181Ia 4500
008 220204s9999 xx 000 0 und d
082 _aNR:678.021979
_bRRI
245 0 _aRefresher course for smallscale rubber goods manufacturer: lecture notes
260 _aKottayam
_bRRII
_c1979
650 _aAccelerators
650 _aCarbon black
650 _aMastication
650 _aMoulded good
650 _aRubber grading
650 _aRubber testing
650 _aSynthetic rubber
942 _cBK
999 _c34328
_d34328